Le mot juste : a dictionary of classical & foreign words & phrases /

Gardado en:
Detalles Bibliográficos
Outros autores: Buchanan-Brown, John
Formato: Libro
Idioma:inglés
Publicado: New York : Vintage Books, 1981
Tags: Engadir etiqueta
Sen Etiquetas, Sexa o primeiro en etiquetar este rexistro!

MARC

LEADER 00000nam a22000007i 4500
001 IT\ICCU\TO0\1624595
003 ItRI
005 20240508183836.0
008 071029s1981 xxu|||||| ||||| |||||c
040 |b ita  |c GP 
041 7 |a eng  |2 ISO-639-2 
245 0 3 |a Le mot juste :  |b a dictionary of classical & foreign words & phrases /  |c editorial panel: John Buchanan-Brown ... [et al.]. 
260 |a New York :  |b Vintage Books,  |c 1981 
300 |a 176 p. ;  |c 19 cm. 
700 1 |a Buchanan-Brown, John  |0 IT\ICCU\TO0V\329040 
942 |2 ddc  |c BK 
952 |0 0  |1 0  |2 ddc  |4 0  |6 703_000000000000000_LEM  |7 1  |9 1287  |a RM  |b RM  |d 2024-05-08  |l 0  |o 703 LEM  |p 555  |r 2024-05-08 18:39:00  |w 2024-05-08  |y BK 
981 1 |6 z01  |a i   |b xxxe  
982 1 |6 z01  |a n 
999 |c 1188  |d 1188